Statistiche per Vini più venduti in Italia

Clicka qui per fare il quiz!

Statistiche generali

  • Questo quiz è stato fatto 216 volte
  • Il punteggio medio è 5 su 15

Statistiche sulle risposte

Mil. di litriVino% Corretto
11,99Chianti
73%
4,77Prosecco
59%
13,08Lambrusco
52%
7,43Barbera
51%
8,40Montepulciano d'Abruzzo
40%
7,36Nero d'Avola
38%
6,81Sangiovese
37%
8,13Chardonnay
27%
4,28Merlot
27%
6,80Vermentino
27%
7,55Bonarda
21%
3,34Dolcetto
17%
4,10Muller Thurgau
14%
4,54Trebbiano
14%
3,41Gutturnio
8%

Distribuzione punteggi

Percentile per numero di risposta

Percentuale di utenti per punteggio

I tuoi punteggi nel tempo

Non hai fatto questo quiz